00691nam a2200181 i 4500001000700000003000900007005001700016008004100033100003000074245011800104260005800222300003000280490005100310650002400361650002000385830005100405852005300456161984ES-MaACL20250806070430.0990713s1882 sp a |||| | spa d1 aPeset y Cervera, Vicente.13aLa fuerza eléctrica b: resumen de electricidad moderna aplicada a la medicina / cpor Vicente Peset y Cervera. aMadrid : b[s.n.], c1882 (fImp. de Enrique Teodoro) a218 p. : bil. ; c25 cm.1 aBiblioteca económica de medicina y cirujía 7aElectricidad2embne 4aElectroterapia.1 aBiblioteca económica de medicina y cirujía aES-MaACLjB-12713(1) z- Enc. pasta española